| 000 | 00340nam a22001337a 4500 | ||
|---|---|---|---|
| 999 |
_c54884 _d54884 |
||
| 008 | 190511b ||||| |||| 00| 0 eng d | ||
| 020 | _a9789951437721 | ||
| 041 | _aalb | ||
| 080 |
_22 _a658 |
||
| 100 | _a54 | ||
| 101 | _aLID | ||
| 245 |
_aLidershipi. Teori, koncepte dhe praktika. _cKrasniqi, E & Kume, V and Mustafa, N |
||
| 942 |
_2udc _cBK |
||